00377nam a2200157Ia 4500003000400000005001700004008004100021040000700062041000800069082001900077100001800096245004300114250000700157260004200164365001300206OSt20230519114239.0210423s2002 xx 000 0 und d cAL aeng a658 223bPRAP aPRASAD (L M). aPrinciples and practice of management. a16 aNew DelhibSultan Chand & Sonsc2002 b205cINR